[Event "Mulhouse GM"]
[Site "Mulhouse"]
[Date "2021.06.26"]
[Round "7"]
[White "Dann, Matthias"]
[Black "Charnushevich, Aliaksei"]
[Result "1-0"]
[WhiteElo "2508"]
[BlackElo "2499"]
[PlyCount "79"]
[EventDate "2021.06.26"]
[EventType "tourn"]
[EventRounds "9"]
[EventCountry "FRA"]
[EventCategory "10"]
[SourceTitle "CBM 203 Extra"]
[Source "ChessBase"]
[SourceDate "2021.09.30"]
[SourceVersion "1"]
[SourceVersionDate "2021.09.30"]
[SourceQuality "1"]

1. e4 c5 2. Nf3 e6 3. d4 cxd4 4. Nxd4 Qb6 5. Be3 Bc5 6. b4 Bxb4+ 7. c3 Be7 8. Nd2 Qd8 9. Qg4 Nf6 10. Qxg7 Rg8 11. Qh6 Nc6 12. Qh3 d6 13. Bb5 Bd7 14. 0-0 a6 15. Bxc6 bxc6 16. e5 dxe5 17. N4f3 c5 18. Nxe5 Bb5 19. Rfe1 Bd6 20. Ndc4 Bxc4 21. Nxc4 Rg4 22. Nxd6+ Qxd6 23. Rad1 Qc6 24. Bxc5 Qxc5 25. Qf3 Rc8 26. Qxf6 Qc6 27. g3 Rg6 28. Qh8+ Ke7 29. Qxh7 Qxc3 30. Re3 Qf6 31. Red3 Rc7 32. Kg2 e5 33. Rf3 Qe6 34. Qh4+ f6 35. Qb4+ Kf7 36. Rd6 Qe7 37. Qb3+ Kg7 38. Rxa6 Rh6 39. h4 Rh8 40. Rfxf6 1-0

[Event "SUI-chT"]
[Site "Switzerland"]
[Date "2017.10.14"]
[Round "8.1"]
[White "Moor, Roger"]
[Black "Charnushevich, Aliaksei"]
[Result "0-1"]
[WhiteElo "2396"]
[BlackElo "2477"]
[PlyCount "74"]
[EventDate "2017.03.19"]
[EventType "team-swiss"]
[EventRounds "9"]
[EventCountry "SUI"]
[SourceTitle "EXT 2019"]
[Source "ChessBase"]
[SourceDate "2018.10.10"]
[SourceVersion "1"]
[SourceVersionDate "2018.10.10"]
[SourceQuality "1"]
[WhiteTeam "Wollishofen"]
[BlackTeam "Neuchatel"]
[WhiteTeamCountry "SUI"]
[BlackTeamCountry "SUI"]

1. c4 Nf6 2. g3 e6 3. Bg2 d5 4. Nf3 Be7 5. 0-0 0-0 6. b3 a5 7. Bb2 a4 8. d3 c6 9. Nbd2 b5 10. Qc2 a3 11. Bc3 b4 12. Bd4 Nbd7 13. e4 Bb7 14. Rac1 c5 15. Bxf6 Bxf6 16. cxd5 exd5 17. Rfe1 Bc3 18. h4 h6 19. Rcd1 Ra6 20. Re2 Re8 21. Nb1 Bb2 22. Rde1 Rae6 23. exd5 Rxe2 24. Rxe2 Bxd5 25. Re3 Qb8 26. Rxe8+ Qxe8 27. Nbd2 Qe2 28. Bf1 Qe6 29. Bg2 Qc6 30. Ne1 Bc3 31. Bxd5 Qxd5 32. Nef3 Bxd2 33. Nxd2 Ne5 34. Kf1 Qxd3+ 35. Qxd3 Nxd3 36. Ne4 f5 37. Nd6 Nc1 0-1

[Event "SUI-chT"]
[Site "Switzerland"]
[Date "2011.10.22"]
[Round "8.1"]
[White "Huebner, Robert"]
[Black "Charnushevich, Aliaksei"]
[Result "1/2-1/2"]
[WhiteElo "2612"]
[BlackElo "2524"]
[PlyCount "85"]
[EventDate "2011.02.27"]
[EventType "team-tourn"]
[EventRounds "9"]
[EventCountry "SUI"]
[SourceTitle "EXT 2012"]
[Source "ChessBase"]
[SourceDate "2011.11.24"]
[SourceVersion "1"]
[SourceVersionDate "2011.11.24"]
[SourceQuality "1"]
[WhiteTeam "Luzern"]
[BlackTeam "Le Joueur"]
[WhiteTeamCountry "SUI"]
[BlackTeamCountry "SUI"]

1. e4 c5 2. Nf3 e6 3. Nc3 a6 4. d4 cxd4 5. Nxd4 Qc7 6. g3 Nc6 7. Bg2 Nf6 8. 0-0 d6 9. b3 Be7 10. Bb2 Bd7 11. Nce2 Rc8 12. c4 0-0 13. Rc1 Qb8 14. Qd2 b5 15. cxb5 Nxd4 16. Nxd4 axb5 17. a3 Rxc1 18. Rxc1 Rc8 19. Rxc8+ Qxc8 20. Nc2 e5 21. Ne3 Qc5 22. Qc3 Qxc3 23. Bxc3 Kf8 24. f3 Be6 25. Bf1 Bxb3 26. Bxb5 d5 27. Bxe5 Bxa3 28. Bxf6 gxf6 29. Nxd5 Bxd5 30. exd5 h6 31. Kg2 Bc5 32. Kh3 Bd6 33. Kg4 Bc5 34. Kh5 Kg7 35. f4 Bd6 36. Be2 Bc5 37. Kg4 Kf8 38. Kf5 Ke7 39. Bh5 Bb4 40. Ke4 Bc5 41. Bd1 Bg1 42. Kf3 Bc5 43. Bb3 1/2-1/2

[Event "FRA-chT1 1011"]
[Site "France"]
[Date "2010.11.13"]
[Round "2.2"]
[White "Libiszewski, Fabien"]
[Black "Charnushevich, Aliaksei"]
[Result "1/2-1/2"]
[WhiteElo "2496"]
[BlackElo "2499"]
[PlyCount "45"]
[EventDate "2010.10.17"]
[EventType "team-tourn"]
[EventRounds "11"]
[EventCountry "FRA"]
[SourceTitle "EXT 2012"]
[Source "ChessBase"]
[SourceDate "2011.11.24"]
[SourceVersion "1"]
[SourceVersionDate "2011.11.24"]
[SourceQuality "1"]

1. e4 c5 2. Nf3 e6 3. d4 cxd4 4. Nxd4 a6 5. Be2 Nf6 6. Nc3 Qc7 7. 0-0 Nc6 8. Kh1 Bb4 9. Qd3 Qd6 10. Nxc6 dxc6 11. f4 Qxd3 12. Bxd3 e5 13. fxe5 Nd7 14. Bf4 Bxc3 15. bxc3 Nc5 16. Be3 Na4 17. c4 b5 18. cxb5 cxb5 19. Bd4 Be6 20. c3 Rc8 21. Rf3 0-0 22. Bc2 Rc6 23. Bxa4 1/2-1/2

[Event "SUI-chT"]
[Site "Switzerland"]
[Date "2010.08.29"]
[Round "7.1"]
[White "Charnushevich, Aliaksei"]
[Black "Zueger, Beat"]
[Result "1/2-1/2"]
[WhiteElo "2501"]
[BlackElo "2425"]
[PlyCount "164"]
[EventDate "2010.02.14"]
[EventType "team-tourn"]
[EventRounds "9"]
[EventCountry "SUI"]
[SourceTitle "EXT 2011"]
[Source "ChessBase"]
[SourceDate "2010.11.26"]
[SourceVersion "1"]
[SourceVersionDate "2010.11.26"]
[SourceQuality "1"]
[WhiteTeam "Lausanne"]
[BlackTeam "Luzern"]
[WhiteTeamCountry "SUI"]
[BlackTeamCountry "SUI"]

1. d4 Nf6 2. Nf3 d6 3. c4 g6 4. Nc3 Bg7 5. g3 0-0 6. Bg2 a6 7. 0-0 c6 8. e4 Bg4 9. h3 Bxf3 10. Bxf3 Nfd7 11. Bg2 Qb6 12. d5 Qb4 13. Qb3 a5 14. Nd1 Ne5 15. Ne3 Qxb3 16. axb3 Nbd7 17. Bd2 Nc5 18. Ra3 Ned3 19. Bc3 Ra6 20. Rb1 Rb6 21. Bf1 Ne5 22. Bxa5 Rxb3 23. Bg2 Ra8 24. Rxb3 Nxb3 25. Bc3 Ra4 26. f4 Nxc4 27. Nxc4 Rxc4 28. e5 c5 29. Bf1 Ra4 30. Bb5 Ra8 31. Bc4 Nd4 32. Bxd4 cxd4 33. exd6 exd6 34. Kf2 Kf8 35. g4 h6 36. Bd3 Bf6 37. Rc1 Re8 38. Kg2 Re3 39. Rd1 Bh4 40. Bc4 Rg3+ 41. Kh2 b5 42. Bxb5 Rb3 43. Bd3 Rxb2+ 44. Kg1 Bg3 45. f5 g5 46. f6 Rb8 47. Bf5 Be5 48. Rc1 Bxf6 49. Rc8+ Rxc8 50. Bxc8 d3 51. Ba6 d2 52. Be2 Ke7 53. Kf2 Bb2 54. Ke3 Bc1 55. Kd3 Kf6 56. Ke4 Ba3 57. Bd1 Ke7 58. Kd3 Bb4 59. Be2 Ba5 60. Bd1 Kd8 61. Kc4 Bb6 62. Be2 Ke7 63. Kd3 Bc5 64. Bd1 Kf6 65. Ke4 Bg1 66. Be2 Bh2 67. Bd1 Ke7 68. Kd3 Bf4 69. Be2 Kd8 70. Kc4 Kc7 71. Kb5 Be5 72. Bd1 Ba1 73. Be2 Bh8 74. Bd1 Kd8 75. Kc4 Ke7 76. Kd3 Kf6 77. Kxd2 Ke5 78. Ke3 Kxd5 79. Bb3+ Ke5 80. Bxf7 d5 81. Kf3 Bf6 82. Bg8 Bd8 1/2-1/2

[Event "FRA-chA 85th"]
[Site "Belfort"]
[Date "2010.08.09"]
[Round "1"]
[White "Fressinet, Laurent"]
[Black "Charnushevich, Aliaksei"]
[Result "1-0"]
[WhiteElo "2697"]
[BlackElo "2497"]
[PlyCount "111"]
[EventDate "2010.08.09"]
[EventType "tourn"]
[EventRounds "11"]
[EventCountry "FRA"]
[EventCategory "14"]
[SourceTitle "CBM 138"]
[Source "ChessBase"]
[SourceDate "2010.09.17"]
[SourceVersion "1"]
[SourceVersionDate "2010.09.17"]
[SourceQuality "1"]

1. d4 Nf6 2. Nf3 e6 3. c4 Bb4+ 4. Nbd2 b6 5. a3 Bxd2+ 6. Qxd2 Bb7 7. e3 0-0 8. Be2 d6 9. b4 Nbd7 10. 0-0 Ne4 11. Qc2 a5 12. Bb2 Qe7 13. Nd2 Nxd2 14. Qxd2 axb4 15. axb4 Rxa1 16. Rxa1 Ra8 17. Rxa8+ Bxa8 18. Qc3 Bb7 19. c5 Bd5 20. c6 Nf8 21. b5 f6 22. Qd3 f5 23. f3 Ng6 24. g3 Qf7 25. e4 fxe4 26. fxe4 Ba2 27. Qc2 d5 28. Ba3 Bc4 29. Bxc4 dxc4 30. Qxc4 h5 31. Qf1 Qe8 32. Qh3 h4 33. Qg4 hxg3 34. hxg3 Nh8 35. Bc1 Nf7 36. Bf4 Qd8 37. Qxe6 Qxd4+ 38. Kg2 g5 39. Bxc7 Kf8 40. Qd5 Qb2+ 41. Kf3 g4+ 42. Ke3 Qc1+ 43. Qd2 Qc5+ 44. Qd4 Qc1+ 45. Ke2 Qc2+ 46. Ke1 Qb1+ 47. Kd2 Qxb5 48. Qxb6 Qc4 49. Bf4 Qa2+ 50. Kc3 Qa1+ 51. Kd2 Qa2+ 52. Ke1 Qa1+ 53. Ke2 Qa2+ 54. Bd2 Qc4+ 55. Ke3 Nd6 56. Qb8+ 1-0

[Event "Nancy-A"]
[Site "Nancy"]
[Date "2010.02.23"]
[Round "2"]
[White "Charnushevich, Aliaksei"]
[Black "Pelletier, Yannick"]
[Result "1/2-1/2"]
[WhiteElo "2501"]
[BlackElo "2602"]
[PlyCount "36"]
[EventDate "2010.02.22"]
[EventType "tourn"]
[EventRounds "9"]
[EventCountry "FRA"]
[EventCategory "11"]
[SourceTitle "CBM 135"]
[Source "ChessBase"]
[SourceDate "2010.03.17"]
[SourceVersion "1"]
[SourceVersionDate "2010.03.17"]
[SourceQuality "1"]

1. d4 Nf6 2. Nf3 e6 3. e3 b6 4. Bd3 Bb7 5. 0-0 Be7 6. c4 c5 7. Nc3 cxd4 8. exd4 d5 9. cxd5 Nxd5 10. Nxd5 Bxd5 11. Ne5 0-0 12. Qh5 g6 13. Nxg6 fxg6 14. Bxg6 hxg6 15. Qxg6+ Kh8 16. Qh6+ Kg8 17. Qg6+ Kh8 18. Qh6+ Kg8 1/2-1/2

[Event "FRA-chT1 0910"]
[Site "France"]
[Date "2009.12.12"]
[Round "6.1"]
[White "Charnushevich, Aliaksei"]
[Black "Fargere, Francois"]
[Result "1/2-1/2"]
[WhiteElo "2508"]
[BlackElo "2501"]
[PlyCount "32"]
[EventDate "2009.09.27"]
[EventType "team-tourn"]
[EventRounds "11"]
[EventCountry "FRA"]
[SourceTitle "EXT 2011"]
[Source "ChessBase"]
[SourceDate "2010.11.26"]
[SourceVersion "1"]
[SourceVersionDate "2010.11.26"]
[SourceQuality "1"]

1. c4 c6 2. Nc3 d5 3. e3 Nf6 4. Nf3 Bg4 5. Qb3 Qb6 6. cxd5 Bxf3 7. gxf3 Nxd5 8. Nxd5 Qxb3 9. axb3 cxd5 10. d4 Nc6 11. Bd2 e6 12. Ra4 Bd6 13. b4 Kd7 14. b5 Ne7 15. Bd3 Bc7 16. Be2 Bb6 1/2-1/2

[Event "FRA-chT1 0910"]
[Site "France"]
[Date "2009.10.04"]
[Round "1.1"]
[White "Charnushevich, Aliaksei"]
[Black "Lupulescu, Constantin"]
[Result "1/2-1/2"]
[WhiteElo "2507"]
[BlackElo "2599"]
[PlyCount "50"]
[EventDate "2009.09.27"]
[EventType "team-tourn"]
[EventRounds "11"]
[EventCountry "FRA"]
[SourceTitle "EXT 2011"]
[Source "ChessBase"]
[SourceDate "2010.11.26"]
[SourceVersion "1"]
[SourceVersionDate "2010.11.26"]
[SourceQuality "1"]

1. d4 Nf6 2. Nf3 g6 3. Bg5 Bg7 4. Nbd2 d5 5. e3 c5 6. c3 Nbd7 7. Bd3 b6 8. Ne5 cxd4 9. exd4 Nxe5 10. dxe5 Nd7 11. f4 h6 12. Bh4 g5 13. fxg5 Nxe5 14. Nf3 Bg4 15. Qa4+ Bd7 16. Qd1 Qc7 17. g6 fxg6 18. 0-0 Nxd3 19. Qxd3 Qc5+ 20. Kh1 Bf5 21. Qe2 e6 22. Nd4 0-0 23. Nxf5 exf5 24. Be7 Rfe8 25. Qe6+ Kh7 1/2-1/2

[Event "SUI-chT"]
[Site "Switzerland"]
[Date "2009.09.06"]
[Round "7.2"]
[White "Hickl, Joerg"]
[Black "Charnushevich, Aliaksei"]
[Result "1-0"]
[WhiteElo "2613"]
[BlackElo "2526"]
[PlyCount "113"]
[EventDate "2009.02.22"]
[EventType "team-tourn"]
[EventRounds "9"]
[EventCountry "SUI"]
[SourceTitle "EXT 2011"]
[Source "ChessBase"]
[SourceDate "2010.11.26"]
[SourceVersion "1"]
[SourceVersionDate "2010.11.26"]
[SourceQuality "1"]
[WhiteTeam "Riehen"]
[BlackTeam "Joueur"]
[WhiteTeamCountry "SUI"]
[BlackTeamCountry "SUI"]

1. g3 d5 2. Bg2 Nf6 3. Nf3 c6 4. b3 Bg4 5. Bb2 Nbd7 6. d3 Bxf3 7. Bxf3 e5 8. Nd2 Bc5 9. a3 h5 10. b4 Bb6 11. c4 Qe7 12. Qc2 Qe6 13. Qb3 h4 14. e3 a5 15. g4 axb4 16. axb4 Rxa1+ 17. Bxa1 dxc4 18. Qxc4 Nd5 19. Ke2 0-0 20. b5 Ba5 21. bxc6 bxc6 22. Rc1 Bxd2 23. Kxd2 Nb8 24. Ke2 f6 25. h3 Kh8 26. Bb2 Rd8 27. Be4 Qd6 28. Ra1 Qe7 29. Bc1 Qb7 30. Bd2 Nd7 31. Rc1 Nb8 32. Bf5 Rd6 33. Ra1 Rd8 34. g5 fxg5 35. Qg4 Qe7 36. Qh5+ Kg8 37. Rg1 Nd7 38. Rxg5 N7f6 39. Qxh4 Rb8 40. Qc4 Kf8 41. Rg1 Qd6 42. Bg6 Rb2 43. Ra1 Nd7 44. Bf5 N7b6 45. Qc1 Qb4 46. Ke1 Qb5 47. Kf1 Ne7 48. Be4 Nbd5 49. Kg2 Nf6 50. Ra5 Qb3 51. Rxe5 Rc2 52. Qd1 Nxe4 53. Rxe4 Qxd3 54. Qf3+ Ke8 55. Qh5+ g6 56. Qxg6+ Kd8 57. Ba5+ 1-0

[Event "FRA-chB 84th"]
[Site "Nimes"]
[Date "2009.08.10"]
[Round "1"]
[White "Charnushevich, Aliaksei"]
[Black "Prie, Eric"]
[Result "1/2-1/2"]
[WhiteElo "2503"]
[BlackElo "2491"]
[PlyCount "60"]
[EventDate "2009.08.10"]
[EventType "tourn"]
[EventRounds "11"]
[EventCountry "FRA"]
[EventCategory "9"]
[SourceTitle "CBM 131 Extra"]
[Source "ChessBase"]
[SourceDate "2009.09.03"]
[SourceVersion "2"]
[SourceVersionDate "2009.09.16"]
[SourceQuality "1"]

1. Nf3 d5 2. c4 c6 3. e3 Nf6 4. Nc3 a6 5. Ne5 e6 6. d4 Bd6 7. c5 Bxe5 8. dxe5 Nfd7 9. Qd4 b6 10. cxb6 c5 11. Qg4 0-0 12. f4 f5 13. Qd1 Nxb6 14. Be2 d4 15. exd4 cxd4 16. Nb1 a5 17. Bf3 Nd5 18. Qxd4 Nc6 19. Qd2 Ba6 20. a3 Qb6 21. Bxd5 exd5 22. Nc3 d4 23. Nd1 Qb3 24. h4 a4 25. Rh3 Qc4 26. Kf2 Rfd8 27. Qe1 Na5 28. Qxa5 Qf1+ 29. Kg3 Qxd1 30. Kh2 Bb7 1/2-1/2

[Event "SUI-chT"]
[Site "Switzerland"]
[Date "2009.06.14"]
[Round "5.1"]
[White "Charnushevich, Aliaksei"]
[Black "Bauer, Christian"]
[Result "0-1"]
[WhiteElo "2526"]
[BlackElo "2625"]
[PlyCount "55"]
[EventDate "2009.02.22"]
[EventType "team-tourn"]
[EventRounds "9"]
[EventCountry "SUI"]
[SourceTitle "EXT 2011"]
[Source "ChessBase"]
[SourceDate "2010.11.26"]
[SourceVersion "1"]
[SourceVersionDate "2010.11.26"]
[SourceQuality "1"]
[WhiteTeam "Joueur"]
[BlackTeam "Zuerich"]
[WhiteTeamCountry "SUI"]
[BlackTeamCountry "SUI"]

1. d4 Nf6 2. Nf3 c5 3. e3 g6 4. c4 Bg7 5. Nc3 0-0 6. Be2 d6 7. 0-0 Nc6 8. d5 Na5 9. a3 e6 10. e4 exd5 11. exd5 Bg4 12. Bg5 Bxf3 13. gxf3 h6 14. Be3 Nh5 15. Qc2 Be5 16. Ne4 Qh4 17. Ng3 Rae8 18. f4 Nxf4 19. Bxf4 Qxf4 20. Rad1 b5 21. cxb5 h5 22. Rfe1 h4 23. Nf1 Bd4 24. Bd3 Qg4+ 25. Kh1 Qf3+ 26. Kg1 h3 27. Ne3 Re5 28. b4 0-1

[Event "Besancon op"]
[Site "Besancon"]
[Date "2008.12.30"]
[Round "6"]
[White "Cau, Benjamin"]
[Black "Charnushevich, Aliaksei"]
[Result "0-1"]
[WhiteElo "2184"]
[BlackElo "2513"]
[PlyCount "118"]
[EventDate "2008.12.26"]
[EventType "swiss"]
[EventRounds "7"]
[EventCountry "FRA"]
[SourceTitle "CBM 128 Extra"]
[Source "ChessBase"]
[SourceDate "2009.03.05"]
[SourceVersion "2"]
[SourceVersionDate "2009.03.25"]
[SourceQuality "1"]

1. e4 c5 2. Nf3 e6 3. d4 cxd4 4. Nxd4 a6 5. g3 Nf6 6. Bg2 d6 7. c4 Qc7 8. b3 Nc6 9. 0-0 Be7 10. Bb2 0-0 11. Nc3 Nxd4 12. Qxd4 Bd7 13. Rac1 Rac8 14. Kh1 Rfd8 15. f4 Be8 16. Qd1 Qa5 17. g4 b5 18. g5 Nd7 19. cxb5 axb5 20. a4 bxa4 21. Nxa4 Rxc1 22. Bxc1 Nc5 23. Nxc5 dxc5 24. Qc2 Bc6 25. Be3 g6 26. Rc1 Bb7 27. h3 Qa8 28. Bxc5 Bxc5 29. Qxc5 Bxe4 30. Qf2 Qa3 31. Qe3 Bxg2+ 32. Kxg2 Qb2+ 33. Kg3 Qd2 34. Rc3 Qd1 35. Rc1 Qd2 36. Rc3 Qd1 37. Rc1 Qd3 38. Rc3 Qd7 39. Kh4 Qb5 40. Kg3 Qf1 41. Rc1 Qb5 42. Rc3 Qb4 43. Rc4 Qb8 44. Rc1 h6 45. h4 h5 46. Rc3 Qb5 47. Rc5 Qd7 48. Rc3 Qd1 49. Rc1 Qg4+ 50. Kf2 Qxh4+ 51. Kg2 Qg4+ 52. Kh2 Qf5 53. Rc3 Ra8 54. Qd2 Qe4 55. Kg3 Rb8 56. Qe3 Qf5 57. Qd2 e5 58. fxe5 Qxe5+ 59. Kg2 Rb5 0-1